La Jorm Atenda (Record no. 7852)

MARC details
000 -LEADER
campo de control de longitud fija 00353nam a2200145Ia 4500
001 - NÚMERO DE CONTROL
campo de control 2336
008 - DATOS DE LONGITUD FIJA--INFORMACIÓN GENERAL
campo de control de longitud fija 241024s9999 xx 000 0 und d
020 ## - NÚMERO INTERNACIONAL ESTÁNDAR DEL LIBRO
Número Internacional Estándar del Libro 978-9945-469-91-2
082 ## - NÚMERO DE LA CLASIFICACIÓN DECIMAL DEWEY
Número de clasificación RD/862.44/AB162j
100 ## - ENTRADA PRINCIPAL--NOMBRE DE PERSONA
Nombre de persona Dió-genes Abreu
245 #0 - MENCIÓN DEL TÍTULO
Título La Jorm Atenda
260 ## - PUBLICACIÓN, DISTRIBUCIÓN, ETC.
Nombre del editor, distribuidor, etc. Editora Nacional
Fecha de publicación, distribución, etc. 2012
901 ## - ELEMENTOS DE DATOS A LOCAL LDA (RLIN)
a 9/8/2012 11:44:27 a.m.

No items available.

© 2024. Todos los Derechos Reservados. Desarrollado por IDEICE